000 00537nam a22002297a 4500
003 UA-OsUOA
001 21851
007 ta
008 20031215b un ||||| |||| 00| 0 ukr d
090 _a001.
_bН12
942 _cBK
040 _aUA-OsUOA
_bukr
_cUA-OsUOA
_dUA-OsUOA
245 _aНаукові записки
_cРед. С.І.Шкарабана
300 _a78 с.
955 _a0
041 _aukr
080 _a001.
260 _aТернопіль
_bОріон
_c1994
044 _aUA
650 7 _2UDC
999 _c308061
_d308061